Normal view
MARC view
Entry Uniform Title
001 - CONTROL NUMBER
- control field: 51115
003 - CONTROL NUMBER IDENTIFIER
- control field: dpl
005 - DATE AND TIME OF LATEST TRANSACTION
- control field: 20120816110129.0
008 - FIXED-LENGTH DATA ELEMENTS
- fixed length control field: 120816|||a|||||| | ||| d
040 ## - CATALOGING SOURCE
- Original cataloging agency: dpl
- Transcribing agency: dpl
130 ## - HEADING--UNIFORM TITLE
- Uniform title: Everyday life of political struggles/ edited by Alpa Shah
670 ## - SOURCE DATA FOUND
- Source citation: Work cat.: (dpl)68990: Windows into a revolution :, c2012
670 ## - SOURCE DATA FOUND
- Source citation: Work cat.: (dpl)68990: Windows into a revolution :, c2012
